00888nam a2200241Ia 450000500170000000800410001702000150005808200170007324501300009025000190022030000430023965000480028265000350033065000340036565000330039970000360043270000270046826400280049533600270052333700330055033800280058304000350061120220317000642.0160601s2002 sp a g 000 0 spa  a849700090004a371.334bE2810aEducar en red binternet como recurso para la educación cdirectores José Ignacio Aguaded Gómez y Julio Cabero Almenara a1a. edición  a373 páginas bilustraciones c24 cm 142LEMBaEnseñanza con ayuda de computadores142LEMBaEducación por internet142LEMBaInnovaciones educativas142LEMBaTecnología educativa aAguaded Gómez, José Ignacio aCabero Almenara, Julio aMálaga bAljibec2002 atextobtxt2rdacontent asin mediaciónbn2rdamedia avolumenbnc2rdacarrier aCO-BoRNBPbspaerdacCO-BoRNBP